| 000 | 00422nam a2200169Ia 4500 | ||
|---|---|---|---|
| 001 | 14469 | ||
| 003 | IN-NITTTR | ||
| 005 | 20251114233136.0 | ||
| 008 | 251113s9999||||xx |||||||||||||| ||eng|| | ||
| 040 | _beng | ||
| 040 | _cIN-NITTTR | ||
| 041 | _aeng | ||
| 082 | _a372.954 K967E | ||
| 100 | _aKurrien, John | ||
| 245 | 0 |
_aElementary education in India : _b myth, reality, alternative / _cKurrien, John |
|
| 942 |
_2ddc _cBK |
||
| 999 |
_c17105 _d17105 |
||